000 01122cam a2200301 a 4500
999 _c7026
_d7026
001 7026
003 BD-JhCC
005 20180416100026.0
008 020607s1988 nyu | |||| ||eng|
020 _a0313255229
035 _a(UkLCURL)070400594372
035 _a(BD-JhCC)7026
035 _a1917968
040 _aBD-JhCC
_dBD-JhCC
041 _aeng
082 _a016.423
_bONE 1988
100 1 _aO'Neill, Robert Keating.
245 1 0 _aEnglish language dictionaries, 1604-1900 :
_bthe catalog of the Warren N. and Suzanne B. Cordell Collection /
_ccataloged and compiled by Robert Keating O'Neill ; foreword by Suzanne B. Cordell.
260 _aNew York ;
_aLondon :
_bGreenwood,
_cc1988.
300 _axxix,480p ;
_c24cm.
490 1 _aBibliographies and indexes in library and information science ;
_vno.1
600 1 0 _aCordell, Warren N.
_xLibrary
600 1 0 _aCordell, Suzanne B.
_xLibrary
610 2 0 _aCunningham Memorial Library
650 0 _aEnglish language
_xDictionaries
_vBibliography
_vCatalogs.
830 0 _aBibliographies and indexes in library and information science ;
_vno.1.
942 _2ddc
_cBK